[Event "Madrid Codes Memorial 9th"]
[Site "Madrid"]
[Date "2015.04.12"]
[Round "2"]
[White "Sainz Pino, Fernando"]
[Black "Largo Barbero, Benito"]
[Result "1/2-1/2"]
[WhiteElo "1925"]
[BlackElo "1961"]
[PlyCount "104"]
[EventDate "2015.03.29"]
[EventType "swiss"]
[EventRounds "9"]
[EventCountry "ESP"]
[SourceTitle "EXT 2019"]
[Source "ChessBase"]
[SourceDate "2018.10.10"]
[SourceVersion "1"]
[SourceVersionDate "2018.10.10"]
[SourceQuality "1"]

1. e4 e6 2. d4 d5 3. e5 c5 4. c3 Nc6 5. Nf3 Nh6 6. Be2 f6 7. 0-0 Nf7 8. Bf4 g5 9. Bg3 f5 10. h3 h5 11. Na3 Rg8 12. Nc2 f4 13. Bh2 g4 14. Bxf4 gxf3 15. Bxf3 Ng5 16. Bxh5+ Kd7 17. Bg4 Bh6 18. Be3 Qf8 19. Bxg5 Bxg5 20. f4 Bh4 21. f5 Qh6 22. fxe6+ Kc7 23. Rf7+ Ne7 24. Qf3 Bxe6 25. Bxe6 Qxe6 26. Ne3 Rad8 27. Ng4 Kc8 28. Rf1 Ng6 29. c4 Rgf8 30. cxd5 Qxf7 31. Qxf7 Rxf7 32. Rxf7 Rxd5 33. Ne3 Rxd4 34. Nf5 Rd1+ 35. Kh2 Re1 36. Nxh4 Nxh4 37. Kg3 Ng6 38. Kf2 Rxe5 39. g4 a5 40. Rg7 Re6 41. Kg3 b5 42. h4 b4 43. h5 Nf8 44. Ra7 Kd8 45. Rxa5 Rc6 46. g5 Ke7 47. Ra7+ Ke6 48. g6 Nxg6 49. hxg6 Kf5 50. g7 Rg6+ 51. Kf3 Ke5 52. Re7+ Kd6 1/2-1/2